[Event "GER-chT U12"]
[Site "Gross Doelln"]
[Date "2010.12.29"]
[Round "6.4"]
[White "Stryschik, Tobias"]
[Black "Erxleben, Carl Anton"]
[Result "0-1"]
[WhiteElo "825"]
[BlackElo "1056"]
[PlyCount "60"]
[EventDate "2010.12.27"]
[EventType "team-swiss"]
[EventRounds "7"]
[EventCountry "GER"]
[SourceTitle "CBM 140 Extra"]
[Source "ChessBase"]
[SourceDate "2011.03.01"]
[SourceVersion "1"]
[SourceVersionDate "2011.03.01"]
[SourceQuality "1"]
[WhiteTeam "Lippstadt Turm U12"]
[BlackTeam "Leipzig Turm U12"]
[WhiteTeamCountry "GER"]
[BlackTeamCountry "GER"]

1. e4 d5 2. exd5 Nf6 3. c4 c6 4. Nc3 cxd5 5. cxd5 Nxd5 6. Nxd5 Qxd5 7. Qf3 e6 8. b3 Qe5+ 9. Qe2 Qxa1 10. Qb5+ Nc6 11. Kd1 Ba3 12. Qc4 Bxc1 13. Qxc1 Qxc1+ 14. Kxc1 0-0 15. Ne2 e5 16. g3 Bg4 17. a3 Rac8 18. b4 Rc7 19. b5 Nd4+ 20. Nc3 Nf3 21. Bg2 Rd8 22. Bxf3 Bxf3 23. Re1 f6 24. Re3 Bg4 25. f3 Be6 26. f4 Bg4 27. fxe5 fxe5 28. Rxe5 Bd7 29. Kd1 Re8 30. Rh5 Bg4+ 0-1